Yüklüyor......

Critical essays on the poetry of Tennyson /

Detaylı Bibliyografya
Diğer Yazarlar: Killham, John (Editör)
Materyal Türü: Printed Book
Dil:English
Baskı/Yayın Bilgisi: London : Routledge & Kegan Paul, 1960.
LEADER 00403nam a2200121Ia 4500
008 150624b xxu||||| |||| 00| 0 eng d
245 |a Critical essays on the poetry of Tennyson / 
260 |a London :  |b Routledge & Kegan Paul,  |c 1960. 
300 |a 263 p. 
700 |a Killham, John  |e editor. 
942 |c BK 
999 |c 11444  |d 11444 
952 |0 1  |1 0  |4 0  |7 0  |9 11443  |a UL  |b UL  |c ST1  |d 1998-09-01  |l 0  |p 17453  |r 2012-10-27  |w 2012-10-27  |y BK